[Event "Titled Tue 24th Jun Late"]
[Site "chess.com INT"]
[Date "2025.06.24"]
[Round "5"]
[White "Karas, Eugenia"]
[Black "Levano Loayza, Adriano Jaffet"]
[Result "1-0"]
[WhiteTitle "WFM"]
[BlackTitle "CM"]
[WhiteElo "2124"]
[BlackElo "2023"]
[WhiteFideId "463485"]
[BlackFideId "3865584"]
[EventDate "2025.06.24"]

1. Nf3 Nf6 2. b3 d5 3. Bb2 Bf5 4. e3 e6 5. Be2 Be7 6. O-O O-O 7. d4 c6 8. Nbd2
Nbd7 9. c4 Re8 10. Rc1 a5 11. a4 Bf8 12. Re1 Qc7 13. Nf1 h6 14. Ng3 Bh7 15. Nd2
e5 16. dxe5 Nxe5 17. cxd5 Nxd5 18. Nc4 Nxc4 19. Bxc4 Nb6 20. Qf3 Nxc4 21. Rxc4
Qb6 22. e4 Rad8 23. h3 Rd2 24. Bc3 Rd7 25. Ba1 Red8 26. Nf5 Bxf5 27. exf5 Rd3
28. Qg4 Qxb3 29. Bxg7 Bxg7 30. f6 Qb2 31. Qxg7# 1-0

[Event "Titled Tue 24th Jun Late"]
[Site "chess.com INT"]
[Date "2025.06.24"]
[Round "5"]
[White "Sharankov, Grigory"]
[Black "Goldbeck, Lars"]
[Result "1-0"]
[WhiteTitle "CM"]
[BlackTitle "FM"]
[WhiteElo "2238"]
[BlackElo "2391"]
[WhiteFideId "4168356"]
[BlackFideId "16208188"]
[EventDate "2025.06.24"]

1. d4 d5 2. c4 c6 3. Nf3 Nf6 4. e3 e6 5. Nbd2 Be7 6. Bd3 O-O 7. O-O b6 8. e4
dxe4 9. Nxe4 Bd7 10. Qe2 Qc7 11. Bg5 Nxe4 12. Qxe4 f5 13. Qh4 Bxg5 14. Nxg5 h6
15. Nf3 Kh7 16. Rfe1 c5 17. Rxe6 cxd4 18. Re7 Nc6 19. Ng5+ Kg8 20. Ne6 Qd6 21.
Rxg7+ Kh8 22. Qxh6# 1-0

[Event "Titled Tue 24th Jun Late"]
[Site "chess.com INT"]
[Date "2025.06.24"]
[Round "5"]
[White "Araujo Filho, Luiz Antonio Coel"]
[Black "Eswaran, Ashritha"]
[Result "0-1"]
[BlackTitle "FM"]
[WhiteElo "2077"]
[BlackElo "2236"]
[WhiteFideId "2130661"]
[BlackFideId "2080788"]
[EventDate "2025.06.24"]

1. d4 Nf6 2. Nf3 e6 3. e3 d5 4. Bd3 c5 5. c3 b6 6. Nbd2 Bd6 7. Qe2 O-O 8. O-O a5
9. dxc5 Bxc5 10. e4 Ba6 11. e5 Nfd7 12. Re1 Bxd3 13. Qxd3 Nc6 14. Nf1 Be7 15.
Ng3 Qc7 16. Qe2 Rab8 17. Bd2 b5 18. Nh5 b4 19. Rac1 b3 20. a3 Kh8 21. Qe3 Rg8
22. Qf4 Rgf8 23. Qg3 Rg8 24. Bh6 gxh6 0-1

[Event "Titled Tue 24th Jun Late"]
[Site "chess.com INT"]
[Date "2025.06.24"]
[Round "5"]
[White "Hansen, Eric"]
[Black "Schuster, Karsten"]
[Result "1-0"]
[WhiteTitle "GM"]
[BlackTitle "FM"]
[WhiteElo "2609"]
[BlackElo "2266"]
[WhiteFideId "2606771"]
[BlackFideId "4611071"]
[EventDate "2025.06.24"]

1. e4 d5 2. exd5 Qxd5 3. Nc3 Qd8 4. Bc4 Nf6 5. d3 c6 6. h3 b5 7. Bb3 e6 8. Qe2
Be7 9. g4 O-O 10. g5 Nd5 11. h4 a5 12. a4 b4 13. Ne4 Bb7 14. Nf3 c5 15. h5 Nc6
16. g6 fxg6 17. hxg6 h6 18. Nxc5 Qd6 19. Qxe6+ Qxe6+ 20. Nxe6 Rxf3 21. Bxd5 Bf6
22. Nd4+ Kf8 23. Nxf3 1-0

[Event "Titled Tue 24th Jun Late"]
[Site "chess.com INT"]
[Date "2025.06.24"]
[Round "5"]
[White "Sturt, Raven"]
[Black "Naroditsky, Daniel"]
[Result "0-1"]
[WhiteTitle "GM"]
[BlackTitle "GM"]
[WhiteElo "2459"]
[BlackElo "2619"]
[WhiteFideId "2007304"]
[BlackFideId "2026961"]
[EventDate "2025.06.24"]

1. f4 d5 2. Nf3 Bg4 3. e3 Nd7 4. h3 Bxf3 5. Qxf3 c6 6. c4 Ngf6 7. g4 e5 8. g5
Ne4 9. d3 Bb4+ 10. Ke2 Nd6 11. cxd5 O-O 12. a3 Ba5 13. b4 Bc7 14. dxc6 bxc6 15.
Bb2 Re8 16. Kf2 exf4 17. exf4 Bb6+ 18. d4 Nf5 19. Qd3 Nxd4 20. Kg2 Ne5 21. fxe5
Qd5+ 22. Kh2 Qxe5+ 23. Kg2 Qxg5+ 24. Kh2 Bc7+ 0-1

[Event "Titled Tue 24th Jun Late"]
[Site "chess.com INT"]
[Date "2025.06.24"]
[Round "5"]
[White "Vaganian, Rafael A"]
[Black "Szpar, Milosz"]
[Result "1-0"]
[WhiteTitle "GM"]
[BlackTitle "IM"]
[WhiteElo "2449"]
[BlackElo "2495"]
[WhiteFideId "13300016"]
[BlackFideId "1184989"]
[EventDate "2025.06.24"]

1. d4 Nf6 2. Nf3 e6 3. e3 c5 4. Bd3 b6 5. O-O Bb7 6. c4 Be7 7. Nc3 cxd4 8. exd4
d5 9. cxd5 Nxd5 10. Ne5 O-O 11. Qg4 Nc6 12. Bh6 Bf6 13. Qe4 g6 14. Bxf8 Kxf8 15.
Nxd5 Nxe5 16. dxe5 Bxd5 17. Qe3 Bg5 18. f4 Be7 19. Qe2 Bc5+ 20. Kh1 Qh4 21. Be4
Rd8 22. Rad1 Bxa2 23. Rxd8+ Qxd8 24. b4 Qd4 25. bxc5 Bc4 26. Rd1 Qxc5 27. Qc2 b5
28. Bd3 h5 29. Bxc4 bxc4 30. Rc1 Kg7 31. Qxc4 1-0

[Event "Titled Tue 24th Jun Late"]
[Site "chess.com INT"]
[Date "2025.06.24"]
[Round "5"]
[White "Christiansen, Johan-Sebastian"]
[Black "Badacsonyi, Stanley"]
[Result "1-0"]
[WhiteTitle "GM"]
[BlackTitle "FM"]
[WhiteElo "2642"]
[BlackElo "2300"]
[WhiteFideId "1512668"]
[BlackFideId "486973"]
[EventDate "2025.06.24"]

1. e4 e6 2. d4 d5 3. Nc3 Nf6 4. Bg5 Bb4 5. e5 h6 6. Bd2 Bxc3 7. bxc3 Ne4 8. Bc1
Nxc3 9. Qg4 g6 10. Ne2 Nxe2 11. Bxe2 b6 12. h4 Ba6 13. h5 Bxe2 14. Kxe2 g5 15.
f4 Qd7 16. fxg5 Qa4 17. gxh6 Qxc2+ 18. Bd2 Qc4+ 19. Kf2 Qd3 20. Bg5 Nc6 21. Rhd1
Qc2+ 22. Kg1 Kd7 23. Rac1 Qf5 24. Qg3 Rhg8 25. Qc3 Rxg5 26. Qxc6+ Ke7 27. Qxa8
c5 28. Qb7+ Kf8 29. Qb8+ Ke7 30. Qxa7+ Kf8 31. Qb8+ Ke7 32. Qc7+ Kf8 33. Qd8# 1-0

[Event "Titled Tue 24th Jun Late"]
[Site "chess.com INT"]
[Date "2025.06.24"]
[Round "5"]
[White "Martinez, Shawn"]
[Black "Williams, Justus"]
[Result "0-1"]
[BlackTitle "IM"]
[WhiteElo "1921"]
[BlackElo "2355"]
[WhiteFideId "2039770"]
[BlackFideId "2049929"]
[EventDate "2025.06.24"]

1. e4 c5 2. Nc3 g6 3. Bc4 Bg7 4. Qf3 e6 5. Nb5 d6 6. Qg3 e5 7. Qb3 Nh6 8. Qd3
Ke7 9. a4 Re8 10. h4 Nc6 11. c3 a6 12. Na3 f5 13. h5 g5 14. Nf3 Kf8 15. Bd5 Ne7
16. c4 Nxd5 17. cxd5 fxe4 18. Qxe4 Bf5 19. Qe3 Nf7 20. d3 e4 0-1

[Event "Titled Tue 24th Jun Late"]
[Site "chess.com INT"]
[Date "2025.06.24"]
[Round "5"]
[White "Ferraz, Michel Liah"]
[Black "Popilski, Gil"]
[Result "0-1"]
[BlackTitle "GM"]
[WhiteElo "2007"]
[BlackElo "2431"]
[WhiteFideId "22743219"]
[BlackFideId "2809060"]
[EventDate "2025.06.24"]

1. d4 d6 2. Nf3 Nf6 3. c4 g6 4. Nc3 Bg7 5. Bg5 O-O 6. e3 c5 7. d5 Qa5 8. Nd2 a6
9. Be2 b5 10. cxb5 Nbd7 11. O-O axb5 12. Bxb5 Ba6 13. a4 Nb6 14. Nb3 Qb4 15.
Bxa6 Rxa6 16. a5 Nc4 17. Ra4 Nxb2 18. Qc2 Nxa4 19. Nxa4 0-1

[Event "Titled Tue 24th Jun Late"]
[Site "chess.com INT"]
[Date "2025.06.24"]
[Round "5"]
[White "Lezcano, Gustavo"]
[Black "Fadi, Marko"]
[Result "0-1"]
[BlackTitle "FM"]
[WhiteElo "2007"]
[BlackElo "2298"]
[WhiteFideId "103306"]
[BlackFideId "10605371"]
[EventDate "2025.06.24"]

1. e4 g6 2. d4 Bg7 3. Nc3 c5 4. d5 d6 5. Nf3 Nf6 6. h3 O-O 7. Be2 a6 8. a4 e6 9.
O-O exd5 10. exd5 Re8 11. Bg5 Nbd7 12. Nd2 h6 13. Bh4 Qc7 14. f4 Rb8 15. a5 b5
16. axb6 Nxb6 17. Bf3 c4 18. Bf2 Bb7 19. Kh1 Nbxd5 20. Nxd5 Nxd5 21. Bxd5 Bxd5
22. Rxa6 Bxg2+ 23. Kxg2 Qb7+ 24. Nf3 Qxa6 25. Bd4 Re4 26. Bxg7 Kxg7 27. Rf2 Rxf4
28. Qd2 g5 29. Qc3+ Kg8 0-1

[Event "Titled Tue 24th Jun Late"]
[Site "chess.com INT"]
[Date "2025.06.24"]
[Round "5"]
[White "Xiong, Jeffery"]
[Black "Haddouche, Mohamed"]
[Result "1-0"]
[WhiteTitle "GM"]
[BlackTitle "GM"]
[WhiteElo "2639"]
[BlackElo "2490"]
[WhiteFideId "2047640"]
[BlackFideId "7900660"]
[EventDate "2025.06.24"]

1. e4 e5 2. Nf3 Nc6 3. Bc4 Nf6 4. d3 Bc5 5. c3 d6 6. O-O h6 7. Re1 O-O 8. Nbd2
a6 9. Nf1 Re8 10. Ng3 Ba7 11. a4 Be6 12. Bxe6 Rxe6 13. d4 d5 14. Nxe5 Nxe5 15.
dxe5 Rxe5 16. Bf4 Re6 17. e5 Nh7 18. Nf5 Nf8 19. h4 c5 20. h5 Qd7 21. Qg4 g6 22.
Re3 Kh7 23. Nxh6 Rd8 24. Rh3 1-0

[Event "Titled Tue 24th Jun Late"]
[Site "chess.com INT"]
[Date "2025.06.24"]
[Round "5"]
[White "Damaraju, Ashwin"]
[Black "Gerbelli Neto, Eduardo"]
[Result "1-0"]
[WhiteElo "2084"]
[BlackElo "2114"]
[WhiteFideId "39908348"]
[BlackFideId "2103281"]
[EventDate "2025.06.24"]

1. e4 e5 2. Nf3 Nc6 3. d4 exd4 4. Nxd4 Nf6 5. Nxc6 bxc6 6. e5 Qe7 7. Qe2 Nd5 8.
h4 d6 9. c4 Ba6 10. exd6 Qxe2+ 11. Bxe2 Nb4 12. d7+ Kxd7 13. Na3 Re8 14. Be3 Kc8
15. O-O f5 16. Bf3 Kb7 17. Rfd1 Bd6 18. Nb5 Be5 19. Nd4 Bxd4 20. Bxd4 Nc2 21.
Bxg7 Nxa1 22. Bxh8 Rxh8 23. Rxa1 Bxc4 24. Rc1 Bd5 25. Rc3 Re8 26. Kh2 Kb6 27.
Kg3 Re6 28. Kf4 Bxa2 29. Kxf5 Rd6 30. g4 Be6+ 31. Kg5 c5 32. h5 h6+ 33. Kxh6
Bxg4+ 34. Kg5 Bxf3 35. Rxf3 Rd5+ 36. Kg6 1-0

[Event "Titled Tue 24th Jun Late"]
[Site "chess.com INT"]
[Date "2025.06.24"]
[Round "5"]
[White "Jasinski, Alexander"]
[Black "Linares Orellana, Hector Jose"]
[Result "1-0"]
[BlackTitle "FM"]
[WhiteElo "1989"]
[BlackElo "2111"]
[WhiteFideId "55627994"]
[BlackFideId "7304307"]
[EventDate "2025.06.24"]

1. e4 e5 2. Nf3 Nc6 3. Bb5 a6 4. Ba4 Nf6 5. O-O b5 6. Bb3 Be7 7. Re1 d6 8. a4
Rb8 9. axb5 axb5 10. c3 O-O 11. d4 exd4 12. cxd4 Bg4 13. Nc3 Bxf3 14. gxf3 Nd7
15. Kh1 Bf6 16. Be3 b4 17. Nd5 Nb6 18. Nxf6+ Qxf6 19. Rg1 Ra8 20. Rc1 Na5 21. f4
Rac8 22. e5 dxe5 23. fxe5 Qe7 24. Bc2 Kh8 25. Rxg7 Kxg7 26. Qh5 Rh8 27. Bh6+ Kg8
28. Rg1+ 1-0

[Event "Titled Tue 24th Jun Late"]
[Site "chess.com INT"]
[Date "2025.06.24"]
[Round "5"]
[White "Carlsen, Magnus"]
[Black "Fandi, Mazen"]
[Result "1-0"]
[WhiteTitle "GM"]
[BlackTitle "FM"]
[WhiteElo "2837"]
[BlackElo "2302"]
[WhiteFideId "1503014"]
[BlackFideId "7611625"]
[EventDate "2025.06.24"]

1. e4 c6 2. Nf3 d5 3. d3 dxe4 4. dxe4 Qxd1+ 5. Kxd1 Bg4 6. Be2 e6 7. Nbd2 Nd7 8.
Ne1 Bxe2+ 9. Kxe2 Ngf6 10. f3 e5 11. Nd3 Bd6 12. Nc4 Bc7 13. a4 O-O-O 14. Be3
Kb8 15. b4 Rhe8 16. b5 Re6 17. Rhb1 Ka8 18. Nb4 c5 19. Na2 b6 20. Nc3 Ree8 21.
a5 Kb7 22. Ra3 Nf8 23. Rba1 Ra8 24. g4 Ne6 25. g5 Nd7 26. Nd5 bxa5 27. Nxc7 Kxc7
28. Rxa5 Reb8 29. Rxa7+ Rxa7 30. Rxa7+ Kd8 31. Nd6 Ke7 32. Nxf7 Kxf7 33. Rxd7+
Kg6 34. c4 Ra8 35. Re7 Nd4+ 36. Bxd4 exd4 37. Re5 Ra2+ 38. Kd1 Rxh2 39. Rxc5 h5
40. gxh6 gxh6 41. b6 1-0

[Event "Titled Tue 24th Jun Late"]
[Site "chess.com INT"]
[Date "2025.06.24"]
[Round "5"]
[White "Sheehan, Ethan"]
[Black "Risteski, Emil"]
[Result "0-1"]
[BlackTitle "IM"]
[WhiteElo "2364"]
[BlackElo "2374"]
[WhiteFideId "30943965"]
[BlackFideId "15005267"]
[EventDate "2025.06.24"]

1. d4 d6 2. Nf3 Nf6 3. c4 g6 4. Nc3 Bf5 5. Nh4 Bd7 6. e4 e5 7. Nf3 Bg7 8. Be2
O-O 9. O-O Re8 10. d5 a5 11. b3 Na6 12. a3 Nc5 13. Nd2 Bh6 14. Qc2 Rf8 15. Rb1
c6 16. b4 axb4 17. axb4 Na6 18. dxc6 bxc6 19. b5 Nc5 20. Nb3 Bxc1 21. Rfxc1 Ne6
22. Qd2 Qc7 23. Rd1 cxb5 24. cxb5 Rfc8 25. Rbc1 Ra3 26. Nb1 Rxb3 27. Rxc7 Rxc7
28. f3 Nd4 29. Bd3 Bxb5 30. Bxb5 Rxb5 31. Nc3 Rxc3 32. Qg5 Kg7 33. h4 h6 34. Qd2
Rc2 0-1

[Event "Titled Tue 24th Jun Late"]
[Site "chess.com INT"]
[Date "2025.06.24"]
[Round "5"]
[White "Leiva, Gianmarco"]
[Black "Grahn, Vidar"]
[Result "1-0"]
[WhiteTitle "IM"]
[BlackTitle "FM"]
[WhiteElo "2387"]
[BlackElo "2239"]
[WhiteFideId "3804399"]
[BlackFideId "1744780"]
[EventDate "2025.06.24"]

1. e4 c5 2. Nf3 e6 3. g3 Nc6 4. Bg2 Nf6 5. Qe2 e5 6. d3 Be7 7. Na3 O-O 8. Bg5 h6
9. Bxf6 Bxf6 10. c3 d5 11. exd5 Qxd5 12. O-O Bg4 13. Qe4 Qxe4 14. dxe4 Rfd8 15.
Rfd1 a6 16. Nc4 b5 17. Ne3 Bxf3 18. Bxf3 Ne7 19. Ng4 Kf8 20. a4 b4 21. Be2 Bg5
22. cxb4 cxb4 23. Nxe5 Ke8 24. Bc4 Bf6 25. Rxd8+ Rxd8 26. Nd3 Rd4 27. Bxa6 Rxe4
28. a5 Kd8 29. Bb7 Re2 30. a6 Bd4 31. a7 Bxa7 32. Rxa7 Rd2 33. Nxb4 Rxb2 34.
Nc6+ Nxc6 35. Bxc6 1-0

[Event "Titled Tue 24th Jun Late"]
[Site "chess.com INT"]
[Date "2025.06.24"]
[Round "5"]
[White "Roberson, Peter T"]
[Black "Svane, Rasmus"]
[Result "0-1"]
[WhiteTitle "IM"]
[BlackTitle "GM"]
[WhiteElo "2433"]
[BlackElo "2626"]
[WhiteFideId "412384"]
[BlackFideId "4657101"]
[EventDate "2025.06.24"]

1. g3 d5 2. Nf3 Nd7 3. d4 Nb6 4. a4 a5 5. Bg2 Bf5 6. O-O e6 7. Nbd2 h6 8. Re1
Nf6 9. c3 Be7 10. Ne5 O-O 11. e4 Bh7 12. Qe2 c6 13. exd5 cxd5 14. Ndf3 Ne4 15.
h4 Qe8 16. Qd1 Rc8 17. Nd2 Nxd2 18. Bxd2 Bd6 19. Qb3 Qd8 20. Bf1 Qc7 21. Bd3
Bxd3 22. Nxd3 Nc4 23. Bf4 Bxf4 24. Nxf4 g5 25. hxg5 hxg5 26. Nd3 Kg7 27. Kg2 Rh8
28. Rh1 Qe7 29. Qc2 Qf6 30. Qe2 b6 31. Ne5 Nxe5 32. dxe5 Qf5 33. Qe3 g4 34. Rxh8
Rxh8 35. Rh1 Qf3+ 36. Qxf3 gxf3+ 37. Kg1 Rxh1+ 38. Kxh1 Kg6 39. Kh2 Kf5 40. Kh3
Kxe5 41. Kg4 Ke4 42. Kg5 e5 43. Kf6 d4 0-1

[Event "Titled Tue 24th Jun Late"]
[Site "chess.com INT"]
[Date "2025.06.24"]
[Round "5"]
[White "Avramidou, Anastasia"]
[Black "Hariharan, Shambavi"]
[Result "1-0"]
[WhiteTitle "FM"]
[BlackTitle "WCM"]
[WhiteElo "2294"]
[BlackElo "1936"]
[WhiteFideId "4239873"]
[BlackFideId "488160"]
[EventDate "2025.06.24"]

1. Nf3 d5 2. d4 Nf6 3. c4 e6 4. cxd5 exd5 5. Nc3 Bb4 6. Bg5 h6 7. Bxf6 Qxf6 8.
e3 c5 9. Bb5+ Nc6 10. O-O Bxc3 11. bxc3 cxd4 12. cxd4 O-O 13. Bxc6 bxc6 14. Qc2
Ba6 15. Rfc1 Rfc8 16. Qa4 Bb5 17. Qa3 a5 18. Rc5 a4 19. Rac1 Qf5 20. Ne5 Rab8
21. h3 Qe6 22. Qc3 Rb6 23. Qa5 Rbb8 24. Qe1 f6 25. Nf3 Qe4 26. Qc3 Qg6 27. Qc2
Qh5 28. e4 dxe4 29. Rxh5 1-0

[Event "Titled Tue 24th Jun Late"]
[Site "chess.com INT"]
[Date "2025.06.24"]
[Round "5"]
[White "Jumabayev, Rinat"]
[Black "Lazavik, Denis"]
[Result "0-1"]
[WhiteTitle "GM"]
[BlackTitle "GM"]
[WhiteElo "2546"]
[BlackElo "2580"]
[WhiteFideId "13702661"]
[BlackFideId "13515110"]
[EventDate "2025.06.24"]

1. e4 c5 2. Nf3 d6 3. Nc3 Nf6 4. a4 Nc6 5. d4 cxd4 6. Nxd4 g6 7. Be2 Bg7 8. Be3
O-O 9. O-O Bd7 10. Nb3 Rc8 11. f4 Be6 12. Kh1 a6 13. a5 Bxb3 14. cxb3 Nxa5 15.
e5 Nd7 16. Bg4 e6 17. Qxd6 Nxb3 18. Rad1 Ndc5 19. Bf3 Qxd6 20. Rxd6 Rc7 21. Rfd1
Rfc8 22. h4 h5 23. Rb6 Na5 24. b4 Nd7 25. bxa5 Nxb6 26. Ne4 Nd5 27. Rxd5 exd5
28. Nd6 Rd8 29. Bb6 Rc1+ 30. Kh2 Rd7 31. Bxd5 Bf8 0-1

[Event "Titled Tue 24th Jun Late"]
[Site "chess.com INT"]
[Date "2025.06.24"]
[Round "5"]
[White "Barseghyan, Armen Ar."]
[Black "Norowitz, Yaacov"]
[Result "1-0"]
[WhiteTitle "IM"]
[BlackTitle "IM"]
[WhiteElo "2348"]
[BlackElo "2400"]
[WhiteFideId "13306707"]
[BlackFideId "2024799"]
[EventDate "2025.06.24"]

1. Nf3 b6 2. d4 Nf6 3. c4 e6 4. Nc3 Bb4 5. g3 Bxc3+ 6. bxc3 Bb7 7. Bg2 h6 8. O-O
O-O 9. Ba3 d6 10. c5 Nc6 11. cxd6 cxd6 12. c4 Na5 13. Rc1 Rc8 14. c5 Bd5 15.
cxd6 Rxc1 16. Qxc1 Nc4 17. Ne5 Nxd6 18. Bxd5 Nxd5 19. Nc6 Qd7 20. Bxd6 Qxd6 21.
Nxa7 Qd7 22. Nc6 Rc8 23. Ne5 Rxc1 24. Nxd7 Rc2 25. e3 b5 26. a3 Ra2 27. Rb1 Nc3
28. Rb3 Ne4 29. Rxb5 f5 30. Rb8+ Kf7 31. Ne5+ Ke7 32. Rb7+ Kf8 33. Ng6+ Kg8 34.
h4 Rxf2 35. h5 e5 36. d5 Rd2 37. Rb8+ Kf7 38. Rf8# 1-0

[Event "Titled Tue 24th Jun Late"]
[Site "chess.com INT"]
[Date "2025.06.24"]
[Round "5"]
[White "Vlassis, Georgios"]
[Black "Barrientos, Ernesto"]
[Result "0-1"]
[WhiteTitle "FM"]
[BlackTitle "CM"]
[WhiteElo "2005"]
[BlackElo "2027"]
[WhiteFideId "4203399"]
[BlackFideId "3701247"]
[EventDate "2025.06.24"]

1. c4 c5 2. Nc3 Nc6 3. g3 e5 4. Bg2 g6 5. d3 Bg7 6. e4 Nge7 7. Nge2 O-O 8. O-O
d6 9. Be3 Be6 10. h3 f5 11. Nd5 Nd4 12. b4 Bxd5 13. cxd5 cxb4 14. Nxd4 exd4 15.
Bd2 a5 16. a3 fxe4 17. axb4 e3 18. Bc1 exf2+ 19. Rxf2 Rxf2 20. Kxf2 axb4 21.
Rxa8 Qxa8 22. Qe2 Qf8+ 23. Bf4 Qf7 24. Qb2 Nxd5 25. Bxd5 Qxd5 26. Qxb4 Be5 27.
Bxe5 dxe5 28. Qe7 Qf7+ 29. Qxf7+ Kxf7 30. Kf3 Ke6 31. Ke4 b5 0-1

[Event "Titled Tue 24th Jun Late"]
[Site "chess.com INT"]
[Date "2025.06.24"]
[Round "5"]
[White "Kramnik, Vladimir"]
[Black "Mekhitarian, Krikor Sevag"]
[Result "1-0"]
[WhiteTitle "GM"]
[BlackTitle "GM"]
[WhiteElo "2753"]
[BlackElo "2564"]
[WhiteFideId "4101588"]
[BlackFideId "2107660"]
[EventDate "2025.06.24"]

1. Nf3 d5 2. g3 Nc6 3. d4 Bf5 4. Bg2 Nb4 5. Na3 e6 6. c3 Nc6 7. Qb3 Rb8 8. Nh4
Bg4 9. e4 dxe4 10. Bxe4 Nf6 11. Bg2 Be7 12. h3 Bh5 13. g4 Bg6 14. Nxg6 hxg6 15.
Nc4 O-O 16. Bd2 b5 17. Ne3 Na5 18. Qc2 c5 19. dxc5 Bxc5 20. Rd1 Qc7 21. O-O Rfd8
22. Bc1 Bb6 23. Qe2 a6 24. Rxd8+ Rxd8 25. Rd1 Rd6 26. Qf3 Rxd1+ 27. Qxd1 Nc4 28.
Nxc4 Qxc4 29. Qd6 Ne4 30. Qxb6 Qe2 31. Qe3 Qd1+ 32. Kh2 Qd6+ 33. Qf4 1-0

[Event "Titled Tue 24th Jun Late"]
[Site "chess.com INT"]
[Date "2025.06.24"]
[Round "5"]
[White "Tang, Zoey"]
[Black "Karas, Marek"]
[Result "0-1"]
[WhiteTitle "FM"]
[BlackTitle "FM"]
[WhiteElo "2356"]
[BlackElo "2215"]
[WhiteFideId "30952530"]
[BlackFideId "14928558"]
[EventDate "2025.06.24"]

1. e4 c5 2. Nf3 g6 3. d4 cxd4 4. Nxd4 Nc6 5. Nc3 Bg7 6. Be3 Nf6 7. Bc4 O-O 8.
Bb3 Re8 9. f3 d5 10. exd5 Nb4 11. Nde2 e6 12. dxe6 Bxe6 13. O-O Bxb3 14. Bc5 Bc4
15. Bxb4 Qxd1 16. Raxd1 Bxe2 17. Nxe2 Rxe2 18. Rf2 Rxf2 19. Kxf2 Bf8 20. Bc3 Be7
21. Re1 Kf8 22. Bd4 Nd7 23. Be3 Bc5 24. Rd1 Bxe3+ 25. Kxe3 Nf6 26. c4 Re8+ 27.
Kf2 Re7 28. b4 Rd7 29. Rxd7 Nxd7 30. Ke3 Ke7 31. Kd4 Kd6 32. a4 b6 33. f4 f6 34.
g4 a5 35. bxa5 bxa5 36. g5 0-1

[Event "Titled Tue 24th Jun Late"]
[Site "chess.com INT"]
[Date "2025.06.24"]
[Round "5"]
[White "Playa, Marcelo"]
[Black "Li, Xueyi"]
[Result "1-0"]
[WhiteTitle "IM"]
[BlackTitle "WGM"]
[WhiteElo "2376"]
[BlackElo "2220"]
[WhiteFideId "102202"]
[BlackFideId "8605912"]
[EventDate "2025.06.24"]

1. e4 c6 2. d4 d5 3. e5 Bf5 4. g4 Bg6 5. h4 h6 6. e6 fxe6 7. h5 Bf7 8. Nc3 Nd7
9. Bf4 Qb6 10. Qd2 e5 11. dxe5 Qxb2 12. Rb1 Qa3 13. Rxb7 e6 14. Rb3 Qa5 15. Nf3
Bb4 16. Bd3 Bxc3 17. Qxc3 Qxc3+ 18. Rxc3 Ne7 19. O-O Rb8 20. Rb3 Rxb3 21. axb3
g6 22. hxg6 Bxg6 23. Ra1 Bxd3 24. cxd3 Kf7 25. Rxa7 Nc5 26. d4 1-0

[Event "Titled Tue 24th Jun Late"]
[Site "chess.com INT"]
[Date "2025.06.24"]
[Round "5"]
[White "Tao, Sihan"]
[Black "Fedoryshyn, Ievgenii"]
[Result "1-0"]
[WhiteTitle "FM"]
[BlackTitle "FM"]
[WhiteElo "2202"]
[BlackElo "2278"]
[WhiteFideId "30982677"]
[BlackFideId "26095467"]
[EventDate "2025.06.24"]

1. c4 e6 2. g3 d5 3. Bg2 Nf6 4. Nf3 d4 5. O-O c5 6. e3 Nc6 7. d3 dxe3 8. Bxe3
Be7 9. Nc3 O-O 10. d4 cxd4 11. Nxd4 Nxd4 12. Qxd4 Qa5 13. c5 Bd7 14. Bxb7 Rad8
15. b4 Qc7 16. Bg2 Bc6 17. Qf4 e5 18. Qf5 g6 19. Qc2 Bxg2 20. Kxg2 Qb7+ 21. Kg1
Qxb4 22. Rab1 Qc4 23. Rfc1 Bxc5 24. Ne4 Qxe4 25. Qxc5 Rd7 26. Re1 Qf3 27. Bh6
Rfd8 28. Qxe5 Rd1 29. Rbxd1 Rxd1 30. Qb8+ Ne8 31. Qxe8# 1-0

[Event "Titled Tue 24th Jun Late"]
[Site "chess.com INT"]
[Date "2025.06.24"]
[Round "5"]
[White "Nayak, Rajesh"]
[Black "Manukyan, Sargis A."]
[Result "0-1"]
[WhiteTitle "FM"]
[BlackTitle "FM"]
[WhiteElo "2262"]
[BlackElo "2294"]
[WhiteFideId "35017152"]
[BlackFideId "13303970"]
[EventDate "2025.06.24"]

1. Nf3 d5 2. g3 e6 3. Bg2 Nf6 4. O-O Be7 5. d3 O-O 6. Nbd2 Nc6 7. e4 dxe4 8.
dxe4 e5 9. c3 a5 10. a4 Be6 11. Qe2 Qc8 12. Re1 Rd8 13. Nc4 Nd7 14. Ne3 f6 15.
Nh4 Nb6 16. Nhf5 Bf8 17. Bh3 g6 18. Qg4 Kh8 19. Qh4 gxf5 20. exf5 Bg8 21. Ng4
Qxf5 22. Nxe5 Nxe5 23. Rxe5 Rd1+ 24. Kg2 Qxe5 25. Bg4 Bd5+ 26. Kh3 Be6 27. Bf4
Bxg4+ 28. Qxg4 Rxa1 29. Bxe5 fxe5 30. Qe4 Bd6 31. Qxb7 Rf8 32. f3 Rf1 33. b4
axb4 34. a5 bxc3 35. axb6 c2 0-1

[Event "Titled Tue 24th Jun Late"]
[Site "chess.com INT"]
[Date "2025.06.24"]
[Round "5"]
[White "Van Baar, Esper"]
[Black "Li, Eric 2007"]
[Result "0-1"]
[WhiteTitle "FM"]
[BlackTitle "IM"]
[WhiteElo "2232"]
[BlackElo "2372"]
[WhiteFideId "1049321"]
[BlackFideId "30939941"]
[EventDate "2025.06.24"]

1. e4 e5 2. Nf3 Nf6 3. Nc3 Nc6 4. d4 exd4 5. Nxd4 Bb4 6. Nxc6 bxc6 7. Bd3 O-O 8.
O-O d5 9. exd5 cxd5 10. h3 h6 11. Qf3 c6 12. Bf4 Re8 13. a3 Bd6 14. Ne2 Rb8 15.
Bxd6 Qxd6 16. Rab1 Ne4 17. Rfd1 Qe5 18. Qf4 Bf5 19. Qxe5 Rxe5 20. Nd4 Bd7 21. c4
Nc5 22. Nf3 Ree8 23. Bc2 dxc4 24. Rd4 Be6 25. Ne5 Bd5 26. Ng4 c3 27. bxc3 Rxb1+
28. Bxb1 Re1+ 29. Kh2 Rxb1 30. c4 Be6 31. Ne5 Rb6 32. Rd8+ Kh7 33. Rd6 a6 34.
Rxc6 Rxc6 35. Nxc6 Bxc4 0-1